| 000 | 00740pam a2200205 a 4500 | ||
|---|---|---|---|
| 020 | _a007017539X | ||
| 082 | 0 | 0 |
_a629.13431 _bDON _cL-39, P-182 |
| 100 | 1 |
_aDonaldson, Bruce K. _944315 |
|
| 245 | 1 | 0 |
_aAnalysis of aircraft structures : _ban introduction / _cBruce K. Donaldson. |
| 260 |
_aNew York : _bMcGraw-Hill, _cc1993. |
||
| 300 |
_axl, 935 p. : _bill. ; _c25 cm. |
||
| 526 |
_a0 _b0 _c0 _d629_134310000000000_DON |
||
| 650 | 0 |
_aAirframes. _944316 |
|
| 650 | 0 |
_aMCE _9379 |
|
| 650 | 0 |
_aStructural analysis (Engineering) _9654 |
|
| 650 | 0 |
_aVehicles _xDesign and construction. _944317 |
|
| 856 | 4 | 1 | _uhttp://www.loc.gov/catdir/toc/mh021/91045095.html |
| 856 | 4 | 2 | _uhttp://www.loc.gov/catdir/description/mh022/91045095.html |
| 942 |
_2ddc _cBK |
||
| 999 |
_c548143 _d548143 |
||